Logo BPK

Bibliografia Prac Pracowników

Politechniki Koszalińskiej

The possibilities of monitoring the grinding process with the application of AE signal / (Rekord nr 4802)

Szczegóły MARC
000 -ETYKIETA REKORDU
podpole kontrolne o stałej długości 01681nab a2200253 i 4500
001 - NUMER KONTROLNY REKORDU
podpole kontrolne 4802
003 - IDENTYFIKATOR NUMERU KONTROLNEGO REKORDU
podpole kontrolne KOSZ 005
005 - DATA OSTATNIEJ MODYFIKACJI REKORDU
podpole kontrolne 20190606151714.0
008 - POLE O STAŁEJ DŁUGOŚCI - DANE KONTROLNE
podpole kontrolne o stałej długości 140711s2004 pl f |100 0 eng
040 ## - ŹRÓDŁO KATALOGOWANIA
Instytucja, która utworzyła rekord BPK
Instytucja, która dokonała modyfikacji KOSZ 005/HR
041 ## - KOD JĘZYKA
Kod języka tekstu eng
Kod języka streszczenia lub abstraktu pol
080 ## - UNIWERSALNA KLASYFIKACJA DZIESIĘTNA - UKD
UKD 621.92
100 1# - NAZWA OSOBOWA
Nazwa osobowa SUTOWSKI, Paweł.
Lata pracy 2008 - .
Instytucja Politechnika Koszalińska - Wydział Mechaniczny,
Wydział Katedra Inżynierii Produkcji
245 10 - TYTUŁ/ODPOWIEDZIALNOŚĆ
Tytuł The possibilities of monitoring the grinding process with the application of AE signal /
Pozostałe elementy strefy tytułu i oznaczenia odpowiedzialności Paweł Sutowski.
246 31 - WARIANT TYTUŁU
Tytuł Możliwości monitorowania procesu szlifowania z wykorzystaniem sygnału emisji akustycznej
500 ## - UWAGI OGÓLNE
Tekst uwagi Dane z autopsji.
520 ## - UWAGA DOTYCZĄCA TREŚCI DOKUMENTU
Analiza dokumentacyjna, adnotacja itp. W pracy przedstawiono możliwości, jakimi charakteryzuje się metoda pomiaru emisji akustycznej (EA) w monitorowaniu procesu szlifowania. Podano przykłady możliwych zastosowań emisji akustycznej oraz korelacje jej parametrów z mierzalnymi wielkościami procesu szlifowania. Autor pracy sugeruje, że sygnał emisji akustycznej może być użytecznym narzędziem do kontroli procesu szlifowania, jest bardziej czuły od mierzonych sił w procesie, może wykrywać wystąpienia przypaleń powierzchni, kontrolować stan zużycia narzędzia oraz może być wykorzystany do przewidywania chropowatości powierzchni obrabianej.
650 #0 - HASŁO PRZEDMIOTOWE W FORMIE NAZWY OGÓLNEJ LUB JEDNOSTKOWEJ
Nazwa ogólna lub geograficzna Emisja akustyczna.
655 #0 - TERMIN INDEKSOWY - OKREŚLENIE RODZAJU/FORMY DOKUMENTU
Określnie rodzaju/formy dokumentu Materiały konferencyjne.
650 #0 - HASŁO PRZEDMIOTOWE W FORMIE NAZWY OGÓLNEJ LUB JEDNOSTKOWEJ
Nazwa ogólna lub geograficzna Szlifowanie
711 ## - HASŁO DODATKOWE - NAZWA IMPREZY
Nazwa imprezy Naukowe Seminarium Polsko-Francuskie nt. Nowoczesne techniki i technologie
Data imprezy (2004 ;
Miejsce imprezy Koszalin, Polska).
773 0# - TYTUŁ DOKUMENTU MACIERZYSTEGO
Wyrażenie wprowadzające \W :
Tytuł Zeszyty Naukowe Wydziału Mechanicznego Politechniki Koszalińskiej. -
Informacje dotyczące relacji 2004, nr 33, s. 301-310
942 ## - HASŁO DODATKOWE - ELEMENTY(KOHA)
Typ dokumentu Artykuł
Schemat klasyfikacji Uniwersalna klasyfikacja dziesiętna
Egzemplarze
Wycofany Zagubiony Uszkodzony Dostępność Lokalizacja stała Lokalizacja bieżąca Sygnatura Typ dokumentu
      Dostępny Bibliografia Prac Pracowników - BPK Bibliografia Prac Pracowników - BPK 0100 Artykuł
© 2014 Biblioteka Politechniki Koszalińskiej :: BIBLIOGRAFIA PRAC PRACOWNIKÓW